The complete sayings of Jesus; (Record no. 4858)

MARC details
000 -LEADER
fixed length control field 00741cam a2200229u 4500
001 - CONTROL NUMBER
control field 7455621
003 - CONTROL NUMBER IDENTIFIER
control field GBCCL
005 - DATE AND TIME OF LATEST TRANSACTION
control field 20241126110528.0
008 - FIXED-LENGTH DATA ELEMENTS--GENERAL INFORMATION
fixed length control field 820217s1955 paub 000 0 eng
010 ## -
-- 55001989
040 ## - CATALOGING SOURCE
Original cataloging agency DLC
Transcribing agency CarP
Modifying agency DLC
050 00 -
-- BT306
-- .H5 1955
082 ## - DEWEY DECIMAL CLASSIFICATION NUMBER
Classification number 232.954
Item number COM
130 0# -
-- Bible.
-- New Testament.
-- Selections.
-- English.
-- Authorized.
-- 1955.
-- 8851
245 14 - TITLE STATEMENT
Title The complete sayings of Jesus;
Remainder of title Christ's own words from the Living Bible paraphrased,
260 ## - PUBLICATION, DISTRIBUTION, ETC.
Place of publication, distribution, etc. New York,
Name of publisher, distributor, etc. Foundation for Christian living
Date of publication, distribution, etc. 1976
300 ## - PHYSICAL DESCRIPTION
Extent 191 p.
Dimensions 15 cm.
600 00 - SUBJECT ADDED ENTRY--PERSONAL NAME
Personal name Jesus Christ
General subdivision Words.
9 (RLIN) 5946
700 1# - ADDED ENTRY--PERSONAL NAME
Personal name Hinds, Arthur.
9 (RLIN) 8852
906 ## - LOCAL DATA ELEMENT F, LDF (RLIN)
a 0
b cbc
c premunv
d u
e ncip
f 19
g y-gencatlg
942 ## - ADDED ENTRY ELEMENTS (KOHA)
Source of classification or shelving scheme Dewey Decimal Classification
Koha item type Books
Holdings
Withdrawn status Lost status Source of classification or shelving scheme Damaged status Not for loan Home library Current Library Shelving location Date acquired Total checkouts Full call number Barcode Date last seen Copy number Price effective from Koha item type
    Dewey Decimal Classification     GRACE BIBLE COLLEGE GRACE BIBLE COLLEGE Theology 2018-02-12   232.954 COM 007269 2025-05-01 c.1 2018-02-12 Books
© Grace Bible College Library 2025